Größte Städte Südosteuropa - Statistiken

Allgemein
  • Dieses Quiz wurde 38 mal gespielt
  • Das Durchschnittsergebnis liegt bei 11 aus 20
Antwortstatistiken
Einwohner Antwort % Korrekt
15.702.000 Istanbul
97%
1.682.000 Belgrad
94%
1.717.000 Bukarest
94%
1.206.000 Sofia
94%
664.000 Zagreb
94%
3.146.000 Athen
91%
418.000 Tirana
91%
348.000 Sarajewo
82%
332.000 Skopje
73%
802.000 Thessaloniki
70%
371.000 Novi Sad
45%
319.000 Warna
45%
329.000 Plowdiw
33%
251.000 Temeschburg
30%
249.000 Niš
27%
287.000 Klausenburg
21%
238.000 Kronstadt
18%
272.000 Iași
15%
264.000 Konstanza
9%
279.000 Çorlu
6%
Keine übereinstimmenden Quizze gefunden
Verteilung der Resultate
Anzahl Personen mit jedem Resultat
Perzentil nach korrekt beantworteten Fragen
Ihre Resultats-Entwicklung
Sie haben dieses Quiz noch nicht gespielt